Film français : La Folie des grandeurs - Statistiques

Statistiques générales
  • Ce quiz a été pris 60 fois
  • Le résultat moyen est 9 sur 18
Statistiques - réponses
Questions Réponses % Correct
Acteur jouant le rôle de don Salluste, marquis de Montalegre, baron del Pisco. Louis de Funès
98%
Acteur jouant le rôle de Blaze. Yves Montand
89%
Année de sortie du film. 1971
72%
Acteur initialement prévu pour jouer Blaze. Son décès poussa les producteurs à lui trouver un remplaçant et à récrire le scénario de façon à correspondre le rôle de Blaze à la personnalité de ce remplaçant. Bourvil
66%
Réalisateur et coscénariste du film. Gérard Oury
62%
Auteur du drame Ruy Blas. Le film est un détournement en comédie de ce drame. Victor Hugo
60%
Actrice jouant le rôle de doña Juana, la duègne. Alice Sapritch
58%
Compositeur de la bande originale du film, connu pour son succès populaire "La Poupée qui fait non". Le thème principal de la bande originale est une évocation du genre cinématographique précédent. Michel Polnareff
58%
Monument historique de Grenade, construit à l'époque musulmane et conservé par les Rois catholiques qui en faisaient leur résidence royale lorsque la cour passait à Grenade. La scène du colin-maillard lorsque Blaze pousse la duègne dans le bassin pour s'en débarrasser, a, entre autres, été tournée dans ce monument. L'Alhambra
51%
Complétez cette réplique de Salluste : "Qu'est-ce que je vais devenir ? Je suis _____, je ne sais rien faire" Ministre
51%
Complétez cette réplique de Salluste : "Quelle destinée ! Vous n'êtes pas beau, elle est belle ! Vous n'avez pas un sou, elle est très riche ! Vous êtes idiot, elle aussi... Vous êtes un ____, c'est la Reine ! C'est écrit là." Valet
47%
Genre cinématographique en vogue à l'époque de la sortie de "La Folie des grandeurs". Une majorité des films de ce genre ont été tournés dans le désert de Tabernas, le seul désert d'Europe occidentale, à une trentaine de kilomètres au nord d'Almérie, dans le sud de l'Espagne. C'est également dans le désert de Tabernas qu'ont été tournées entre autres la scène d'ouverture de "La Folie des grandeurs" ainsi que la scène du bagne des pirates précédents. Le western spaghetti
42%
Poison dont était infecté le gâteau d'anniversaire de Blaze alias don César. Le cyanure
30%
Land allemand, alors duché de tradition catholique, où la Reine d'Espagne, Marie-Anne incarnée par Karin Schubert dans le film, avait grandi. La Bavière
28%
Terme qui désigne les pirates et corsaires musulmans entre autres connus pour avoir capturé saint Vincent de Paul au XVIIe siècle. Le film montrent ces pirates faisant travailler des prisonniers comme esclaves. Les barbaresques
26%
Complétez ce dialogue entre Salluste et Blaze : - Mais c'est ignoble chez vous. Comment peut-on vivre dans un ____ pareil ? - C'est ici que Monseigneur loge son personnel. - Ah c'est joli. C'est très joli. Vous êtes bien ici ? Gourbi
23%
Pays dont Fabiola de Mora y Aragón était la reine. Son frère, le marquis saltimbanque et mondain don Jaime de Mora y Aragón tint le rôle de Priego, un Grand d'Espagne. En outre, il aida le régisseur Jean Pieuchot à dénicher des acteurs espagnols. La Belgique
13%
Coscénariste du film, royaliste et futur premier Président d'Antenne 2 (l'actuelle France 2). Il collabora avec le réalisateur sur quatre autres films parmi lesquels ses plus grands succès, ainsi qu'avec Georges Lautner et Henri Verneuil, entre autres. Marcel Jullian
8%
Aucun quiz correspondant
Distribution des résultats
% des personnes avec chaque résultat
Percentile par nombre de réponses
Votre historique - résultats
Vous n’avez pas pris ce quiz